El porvenir del pasado : (Registro nro. 6904)
[ vista simple ]
| 000 -LEADER | |
|---|---|
| fixed length control field | 01994cam a2200265 a 4500 |
| 003 - CONTROL NUMBER IDENTIFIER | |
| control field | OSt |
| 005 - DATE AND TIME OF LATEST TRANSACTION | |
| control field | 20201009152011.0 |
| 008 - FIXED-LENGTH DATA ELEMENTS--GENERAL INFORMATION | |
| fixed length control field | 080312s2007 ck r 000 0 spa d |
| 015 ## - NATIONAL BIBLIOGRAPHY NUMBER | |
| National bibliography number | SSS |
| 020 ## - INTERNATIONAL STANDARD BOOK NUMBER | |
| International Standard Book Number | 9789589841907 |
| 040 ## - CATALOGING SOURCE | |
| Original cataloging agency | CO-BoPUJ |
| Transcribing agency | CO-JMCR |
| 041 0# - LANGUAGE CODE | |
| Language code of text/sound track or separate title | spa |
| 082 04 - DEWEY DECIMAL CLASSIFICATION NUMBER | |
| Classification number | 986.10631092 |
| Item number | A973p |
| Edition number | 23 |
| 100 1# - MAIN ENTRY--PERSONAL NAME | |
| Personal name | Ayala Diago, César Augusto |
| Relator term | autor |
| 9 (RLIN) | 11372 |
| 245 13 - TITLE STATEMENT | |
| Title | El porvenir del pasado : |
| Remainder of title | Gilberto Alzate Avendaño, sensibilidad leoparda y democracia : la derecha colombiana de los años treinta |
| Statement of responsibility, etc. | César Augusto Ayala Diago |
| 260 ## - PUBLICATION, DISTRIBUTION, ETC. | |
| Place of publication, distribution, etc. | Bogota : |
| Name of publisher, distributor, etc. | Fundación Gilberto Alzate Avendaño, |
| Date of publication, distribution, etc. | 2007. |
| 300 ## - PHYSICAL DESCRIPTION | |
| Extent | 559 páginas ; |
| Dimensions | 24 cm. |
| 490 0# - SERIES STATEMENT | |
| Series statement | La Carreta histórica |
| 504 ## - BIBLIOGRAPHY, ETC. NOTE | |
| Bibliography, etc. note | Incluye referencias bibliográficas : páginas. 551-559 |
| 505 0# - FORMATTED CONTENTS NOTE | |
| Formatted contents note | Para comprender a Gilberto Alzate Avendaño. -- Gilberto Alzate Avendaño: entre la universidad y la política. -- Gilberto Alzate Avendaño y la páginas universitaria de el colombiano. -- La movilización electoral y el fin de la república conservadora. -- En la encrucijada de los años treinta. -- Las primeras elecciones de la República Liberal y la liberación del electorado colombiano -- La exposición de las derechas. La Acción Nacional Derechista. -- Alzate: la estrategia de la procesionalidad y la conquista en la calle. -- Gilberto Alzate Avendaño y la secretaria general del partido conservador. -- Alzate, las derechas y la creación de un partido propio. -- Campaña electoral conservadora con banderas del nacionalismo leopardo. -- La sensibilidad leoparda, Alzate y la candidatura presidencial de Mariano Ospina Pérez. -- La socialización oral del discurso dela sensibilidad Leoparda. -- La decantación nacionalista. -- Auge, crisis y disolución de la ANP. |
| 600 14 - SUBJECT ADDED ENTRY--PERSONAL NAME | |
| Personal name | Alzate Avendaño, Gilberto |
| Dates associated with a name | 1910-1960 |
| General subdivision | Pensamiento político |
| 9 (RLIN) | 11373 |
| 650 14 - SUBJECT ADDED ENTRY--TOPICAL TERM | |
| Topical term or geographic name entry element | Derechas e izquierdas (Ciencias políticas) |
| 9 (RLIN) | 11374 |
| 651 24 - SUBJECT ADDED ENTRY--GEOGRAPHIC NAME | |
| Geographic name | Colombia |
| General subdivision | Política y gobierno |
| Chronological subdivision | 1929-1939 |
| 9 (RLIN) | 11375 |
| 942 ## - ADDED ENTRY ELEMENTS (KOHA) | |
| Source of classification or shelving scheme | Dewey Decimal Classification |
| Koha item type | Books |
| Withdrawn status | Lost status | Source of classification or shelving scheme | Damaged status | Not for loan | Home library | Current library | Shelving location | Date acquired | Source of acquisition | Total Checkouts | Full call number | Barcode | Date last seen | Copy number | Price effective from | Koha item type |
|---|---|---|---|---|---|---|---|---|---|---|---|---|---|---|---|---|
| Dewey Decimal Classification | Biblioteca Pública José María del Castillo y Rada | Biblioteca Pública José María del Castillo y Rada | General Stacks | 04/15/2018 | Donación | 986.10631092 / A973p | 201810091 | 05/16/2024 | Ej.1 | 04/15/2018 | Books |